000 00459nam a22001817a 4500
001 TVUNI
005 20260126014643.0
008 221102s vm vie d
020 _c12000
040 _aTVUNI
_eAACR2
041 0 _avie
100 1 _aĐặng, Văn Thanh
245 1 0 _aGiáo trình Kế Toán Số /
_cĐặng Văn Thanh
260 _aHà Nội :
_bTài Chính
300 _a226 tr. ;
_c24 cm.
942 _2ddc
_cBK
999 _c2391
_d2391
912 _a1
_bHiển Phạm